| 000 | 00887cam a2200241 4500 | ||
|---|---|---|---|
| 001 | ABS64203 | ||
| 008 | 000000n2001 000 0 eng u | ||
| 035 | _a(Sirsi) u113152 | ||
| 100 | _aHunter, D. | ||
| 245 | _aFill up with fuel for thought | ||
| 260 | _c2001 | ||
| 490 |
_aEstates Gazette _v(0122) 2 June 2001, 146-147(2) |
||
| 520 | _aA "Mainly for students" article outlining how the valuer can use the future sustainable fuel throughput and the rental and capital values of petrol filling station premises to derive an appropriate valuation and the factors affecting the value of landfill sites. | ||
| 590 | _aABS | ||
| 650 | _aLANDFILL | ||
| 650 | _aLANDFILL SITES | ||
| 650 | _aMAINLY FOR STUDENTS | ||
| 650 | _aPETROL FILLING STATIONS | ||
| 650 | _aVALUATION BASIS | ||
| 690 | _aPROPERTY-PROPERTY APPRAISAL AND VALUATION | ||
| 700 | _aIwanicki, J. | ||
| 942 | _n0 | ||
| 999 |
_c67375 _d67375 |
||